|
|
|
|
| LEADER |
00000cam a2200000Mu 4500 |
| 001 |
JSTOR_on1138024668 |
| 003 |
OCoLC |
| 005 |
20231005004200.0 |
| 006 |
m o d |
| 007 |
cr |n|---||||| |
| 008 |
200321s2018 dk o 000 0 dan d |
| 040 |
|
|
|a EBLCP
|b eng
|e pn
|c EBLCP
|d UKAHL
|d OCLCQ
|d YDX
|d P@U
|d JSTOR
|d OCLCQ
|d OCLCF
|d OCLCO
|
| 019 |
|
|
|a 1137079605
|
| 020 |
|
|
|a 9788771846959
|q (electronic bk.)
|
| 020 |
|
|
|a 8771846956
|q (electronic bk.)
|
| 020 |
|
|
|a 9788771846942
|q (electronic bk.)
|
| 020 |
|
|
|a 8771846948
|q (electronic bk.)
|
| 020 |
|
|
|z 9788771844184
|
| 020 |
|
|
|z 877184418X
|
| 029 |
1 |
|
|a AU@
|b 000074631547
|
| 035 |
|
|
|a (OCoLC)1138024668
|z (OCoLC)1137079605
|
| 037 |
|
|
|a 22573/ctv34vsdrm
|b JSTOR
|
| 050 |
|
4 |
|a LB1033
|
| 082 |
0 |
4 |
|a 371.1023
|2 23/eng/20230110
|
| 049 |
|
|
|a UAMI
|
| 100 |
1 |
|
|a Klinge, Louise.
|
| 245 |
1 |
0 |
|a Relationskompetence
|
| 260 |
|
|
|a Aarhus :
|b Aarhus Universitetsforlag,
|c 2018.
|
| 300 |
|
|
|a 1 online resource (72 pages)
|
| 336 |
|
|
|a text
|b txt
|2 rdacontent
|
| 337 |
|
|
|a computer
|b c
|2 rdamedia
|
| 338 |
|
|
|a online resource
|b cr
|2 rdacarrier
|
| 490 |
1 |
|
|a Pædagogisk rækkevidde
|v 11
|
| 588 |
0 |
|
|a Print version record.
|
| 590 |
|
|
|a JSTOR
|b Books at JSTOR All Purchased
|
| 590 |
|
|
|a JSTOR
|b Books at JSTOR Demand Driven Acquisitions (DDA)
|
| 650 |
|
0 |
|a Teaching.
|
| 650 |
|
0 |
|a Teacher-student relationships.
|
| 650 |
|
7 |
|a Teacher-student relationships
|2 fast
|
| 650 |
|
7 |
|a Teaching
|2 fast
|
| 776 |
0 |
8 |
|i Print version:
|a Klinge, Louise.
|t Relationskompetence.
|d Aarhus : Aarhus Universitetsforlag, ©2018
|z 9788771844184
|
| 830 |
|
0 |
|a Pædagogisk rækkevidde ;
|v 11.
|
| 856 |
4 |
0 |
|u https://jstor.uam.elogim.com/stable/10.2307/j.ctv34wmnr5
|z Texto completo
|
| 938 |
|
|
|a Project MUSE
|b MUSE
|n musev2_101302
|
| 938 |
|
|
|a Askews and Holts Library Services
|b ASKH
|n AH37190531
|
| 938 |
|
|
|a ProQuest Ebook Central
|b EBLB
|n EBL6021285
|
| 938 |
|
|
|a YBP Library Services
|b YANK
|n 301061095
|
| 938 |
|
|
|a YBP Library Services
|b YANK
|n 301061201
|
| 994 |
|
|
|a 92
|b IZTAP
|